000 00867nam a2200229Ia 4500
005 20260629163254.0
008 260629s9999||||xx |||||||||||||| ||und||
020 _a9780415648479
_qpbk
082 _a909.09824
_bMOO
100 _aMoorthy, Shanti [ed.]
245 0 _aIndian ocean studies : cultural, social, and political perspectives
260 _aNew York
_bRoutledge an imprint of Taylor and Francis Group
_c2012
300 _axvii, 435p. ; 23cm.
653 _aIndian Ocean Region--Intellectual life
653 _aIndian Ocean Region--Politics and government
653 _aIndian Ocean Region--Social conditions
653 _aIndian Ocean Region--Study and teaching (Higher)
653 _aIndian Ocean--Study and teaching (Higher)
653 _aIslands of the Indian Ocean--Study and teaching (Higher)
700 _aJamal, Ashraf [ed.]
942 _cBK
999 _c57303
_d57303